| 000 | 00638nam a2200181 i 4500 | ||
|---|---|---|---|
| 001 | 104411 | ||
| 003 | ES-MaACL | ||
| 005 | 20230906183609.0 | ||
| 008 | 051129s1973 sp |||| |bspa d | ||
| 100 | 1 |
_aMillares Carlo, Agustín, _d1893-1980 _981176 |
|
| 245 | 1 | 0 |
_aD. José Mariano Beristáin de Souza _b: 1756-1817 / _cpor A. Millares Carlo. |
| 260 |
_aMadrid : _bInstituto Enrique Flórez, _c1973. |
||
| 300 |
_a3 h., 117 p. ; _c25 cm. |
||
| 600 | 1 | 4 |
_aBeristáin, José Mariano. _9125936 |
| 710 | 2 |
_aInstituto de Historia Eclesiástica "Padre Enrique Flórez" _94954 |
|
| 852 |
_aES-MaACL _jC-56241 |
||
| 999 |
_c104411 _d104411 |
||